000 00923cam a22002294a 4500
005 20250605164213.0
008 250528s ||||||||||||||||||||||||d
035 _a20337
020 _a335209033
040 _aGR-AtMCL
_bgre
_dGR-AtMCL
_eAACR2
245 1 _aHow to Research / Second Edition
250 _a2nd
260 _bOpen University Press,
_c2001
300 _a290
520 _aThis book is about the practice and experience of doing research in the social sciences as well as in related subjects such as education, business studies and health and social care. Thinking about Research, Getting started, Thinking about methods, Reading for research, Managing your project, Collecting data, Analyzing data, Writing up, Finishing off, Index.
700 1 _aBlaxter Loraine
_96334
700 1 _aHughes Christina
_96335
700 1 _aTight Malcolm
_96336
942 _cBK
999 _c5459
_d5459